Mekong delta master plan : Environmental aspects
Na minha lista:
| Formato: | Livro |
|---|---|
| Idioma: | Undetermined |
| Publicado em: |
NEDECO
1991
|
| Assuntos: | |
| Tags: |
Adicionar Tag
Sem tags, seja o primeiro a adicionar uma tag!
|
| Thư viện lưu trữ: | Trung tâm Học liệu Trường Đại học Cần Thơ |
|---|
| LEADER | 00472nam a2200157Ia 4500 | ||
|---|---|---|---|
| 001 | CTU_149600 | ||
| 008 | 210402s9999 xx 000 0 und d | ||
| 082 | |a 333.73 | ||
| 082 | |b M479/N.9 | ||
| 245 | 0 | |a Mekong delta master plan : | |
| 245 | 0 | |b Environmental aspects | |
| 260 | |b NEDECO | ||
| 260 | |c 1991 | ||
| 650 | |a Natural resources,Environmental resources,Tài nguyên thiên nhiên | ||
| 904 | |i Nguyên | ||
| 980 | |a Trung tâm Học liệu Trường Đại học Cần Thơ | ||